US States With the Most Mexican Immigrants - Statistics

General Stats
  • This quiz has been taken 998 times
  • The average score is 12 of 14
Answer Stats
Percentage of the Population Born in Mexico State % Correct
37.3 California
100%
21.0 Texas
99%
5.0-6.5 Arizona
97%
1.0-2.5 New Mexico
97%
1.0-2.5 Florida
95%
1.0-2.5 New York
95%
1.0-2.5 Nevada
89%
1.0-2.5 Washington
86%
1.0-2.5 Colorado
84%
1.0-2.5 Oregon
82%
1.0-2.5 Georgia
77%
5.0-6.5 Illinois
77%
1.0-2.5 New Jersey
68%
1.0-2.5 North Carolina
59%
No matching quizzes found
Score Distribution
Percent of People with Each Score
Percentile by Number Answered
Your Score History
You have not taken this quiz